000 01011nam a22002537a 4500
003 SISC
005 20170921113042.0
008 170921b xxu||||| |||| 00| 0 eng d
020 _a9781107646285
050 _aQA 273
_b.M385 2014
245 _aMathematics higher level topic 8 - option :
_bsets, relations and groups for the IB diploma /
_cPaul Fannon [and 3 others]
260 _aCambridge :
_bCambridge University Press,
_cc2013, reprinted 2014.
300 _avi, 144 pages :
_billustrations (some color) ;
_c30 cm.
440 _aMathematics higher level for the IB diploma
504 _aIncludes index.
650 _2Library of Congress Subject Headings
_aMathematical statistics
_xExaminations, questions, etc.
_vStudy guides
650 _2Library of Congress Subject Headings
_aProbabilities
_xExaminations, questions, etc.
_vStudy guides
700 _aFannon, Paul
700 _aKadelburg, Vesna
700 _aWoolley, Ben
700 _aWard, Stephen
942 _2lcc
_cBK
999 _c344404
_d344404